Electronically monitored home confinement
| Authors: | ; |
|---|---|
| Format: | Print Article |
| Language: | English |
| Published: |
1985
|
| In: |
NIJ reports / U.S. Department of Justice, Office of Justice Programs
Year: 1985, Issue: 194, Pages: 2-6 |
| Availability in Tübingen: | Present in Tübingen. IFK: 4229 |
| Check availability: | HBZ Gateway |
| Keywords: |
MARC
| LEADER | 00000caa a22000002c 4500 | ||
|---|---|---|---|
| 001 | 163075322X | ||
| 003 | DE-627 | ||
| 005 | 20220607122928.0 | ||
| 007 | tu | ||
| 008 | 120330s1985 xx ||||| 00| ||eng c | ||
| 035 | |a (DE-627)163075322X | ||
| 035 | |a (DE-576)362900817 | ||
| 035 | |a (DE-599)BSZ362900817 | ||
| 040 | |a DE-627 |b ger |c DE-627 |e rakwb | ||
| 041 | |a eng | ||
| 100 | 1 | |a Ford, D. H. |0 (DE-588)128044810 |0 (DE-627)695913549 |0 (DE-576)296846651 |4 aut | |
| 109 | |a Ford, D. H. | ||
| 245 | 1 | 0 | |a Electronically monitored home confinement |c D. Ford; A. K. Schmidt |
| 264 | 1 | |c 1985 | |
| 336 | |a Text |b txt |2 rdacontent | ||
| 337 | |a ohne Hilfsmittel zu benutzen |b n |2 rdamedia | ||
| 338 | |a Band |b nc |2 rdacarrier | ||
| 700 | 1 | |a Schmidt, A. K. |4 aut | |
| 773 | 0 | 8 | |i In |a National Institute of Justice (USA) |t NIJ reports / U.S. Department of Justice, Office of Justice Programs |d Washington, DC : NIJ, 1983 |g (1985), 194, Seite 2-6 |w (DE-627)170278646 |w (DE-600)1034718-5 |w (DE-576)023113049 |7 nnas |
| 773 | 1 | 8 | |g year:1985 |g number:194 |g pages:2-6 |
| 951 | |a AR | ||
| ELC | |b 1 | ||
| LOK | |0 000 xxxxxcx a22 zn 4500 | ||
| LOK | |0 001 3280625092 | ||
| LOK | |0 003 DE-627 | ||
| LOK | |0 004 163075322X | ||
| LOK | |0 005 20130701135805 | ||
| LOK | |0 008 120330||||||||||||||||ger||||||| | ||
| LOK | |0 040 |a DE-21-110 |c DE-627 |d DE-21-110 | ||
| LOK | |0 689 |a s |a Hausarrest | ||
| LOK | |0 689 |a s |a Elektronische Überwachung | ||
| LOK | |0 852 |a DE-21-110 | ||
| LOK | |0 852 1 |c 4229 |m p |9 00 | ||
| LOK | |0 935 |a k110 | ||
| LOK | |0 938 |k p | ||
| LOK | |0 939 |a 30-03-12 |b l01 | ||
| ORI | |a SA-MARC-krimdoka001.raw | ||
| SIG | |a IFK: 4229 | ||
